Makroekonomie v praxi

Saved in:
Bibliographic Details
Main Author: Maitah, Mansoor
Format: Book
Language:Czech
Published: Praha Wolters Kluwer ČR 2010
Subjects:
Tags: Add Tag
No Tags, Be the first to tag this record!

MARC

LEADER 00000nam a2200000 4500
001 0126509
005 20240315114542.1
020 |a 978-80-7357-560-1 
041 0 |a cze 
044 |a CZ 
245 1 0 |a Makroekonomie v praxi  |c Mansoor Maitah 
264 1 |a Praha  |b Wolters Kluwer ČR  |c 2010 
300 |a 195 s. 
610 2 0 |a makroekonomika 
610 2 0 |a pojmy 
610 2 0 |a testy 
610 2 0 |a výkonnosť ekonomiky 
610 2 0 |a dopyt 
610 2 0 |a ponuka 
610 2 0 |a peniaze 
610 2 0 |a inflácia 
610 2 0 |a nezamestnanosť 
610 2 0 |a modely 
610 2 0 |a politika fiškálna 
610 2 0 |a politika menová 
610 2 0 |a bilancia platobná 
100 1 |a Maitah, Mansoor